000 00657cam a22002174a 4500
005 20250605164300.0
008 250528s ||||||||||||||||||||||||d
035 _a22057
020 _a9789605460983
040 _aGR-AtMCL
_bgre
_dGR-AtMCL
_eAACR2
245 1 _aΓΝΩΣΙΑΚΗ-ΣΥΜΠΕΡΙΦΟΡΙΣΤΙΚΗ ΘΕΡΑΠΕΙΑ ΟΙΚΟΓΕΝΕΙΑΣ
250 _a1
260 _bΠεδίο,
_c2012
300 _a454
700 1 _aΑβαγιανου Πηνελοπη-Αλεξια
_97936
700 1 _aΖαφειροπουλου Μαρια
_97937
700 1 _aΧαριλα Ντιανα
942 _cBK
999 _c7113
_d7113